[Event "C.to Italiano Semifinale"]
[Site "Saint Vincent - Chatillon ITA"]
[Date "2008.07.25"]
[Round "7"]
[White "Contin, Daniel"]
[Black "Sibilio, Mario"]
[Result "1-0"]
[WhiteElo "2304"]
[BlackElo "2361"]
[PlyCount "93"]
[EventDate "2008.07.19"]

1. c4 Nf6 2. Nc3 Nc6 3. g3 g6 4. Bg2 Bg7 5. d3 O-O 6. Rb1 e6 7. Nf3 d5 8. O-O
a6 9. b4 d4 10. Na4 Nd7 11. Qc2 Ra7 12. a3 Ne7 13. e3 b5 14. Nb2 Nf5 15. a4
dxe3 16. fxe3 bxc4 17. Nxc4 c5 18. b5 axb5 19. axb5 Bb7 20. g4 Ne7 21. Bb2 Bxb2
22. Qxb2 Nb6 23. Nfe5 Nbd5 24. Rf2 f6 25. Rbf1 f5 26. g5 Nc8 27. h4 Nb4 28. Ng4
h5 29. Nf6+ Rxf6 30. Qxf6 Qxf6 31. gxf6 Bd5 32. Ne5 Nd6 33. e4 Ba8 34. b6 Ra6
35. Rc1 Nf7 36. Nxf7 Kxf7 37. exf5 gxf5 38. Bxa8 Rxa8 39. Rxc5 Rb8 40. Rc7+
Kxf6 41. b7 Na6 42. Rc6 Nb4 43. Rb6 Nd5 44. Rb3 Ke7 45. Rg2 Kd6 46. Rg7 Ne7 47.
Rb6+ 1-0

[Event "C.to Italiano Semifinale"]
[Site "Saint Vincent - Chatillon ITA"]
[Date "2008.07.25"]
[Round "7"]
[White "De Florio, Federico"]
[Black "Cordara, Michele"]
[Result "1-0"]
[WhiteElo "2106"]
[BlackElo "2146"]
[PlyCount "145"]
[EventDate "2008.07.19"]

1. Nf3 Nf6 2. d4 c5 3. e3 b6 4. Bd3 Bb7 5. Nbd2 g6 6. b3 cxd4 7. exd4 Nd5 8. c4
Nf4 9. Ne4 Nxd3+ 10. Qxd3 Bg7 11. Bb2 d5 12. Ng3 O-O 13. O-O Nc6 14. Rad1 Ba6
15. Rfe1 Rc8 16. Ba3 Re8 17. Qc3 dxc4 18. bxc4 Na5 19. c5 e6 20. Bb4 Nc6 21.
Ne4 Nxb4 22. Qxb4 Bf8 23. Qa4 Bb7 24. Qxe8 Qxe8 25. Nf6+ Kg7 26. Nxe8+ Rxe8 27.
cxb6 axb6 28. d5 Bb4 29. Re2 Rd8 30. Rb2 Bc5 31. d6 Bd5 32. Nd4 Rxd6 33. Nb5
Rd7 34. Nc3 Bc6 35. Rxd7 Bxd7 36. Ne4 Bd4 37. Rc2 e5 38. Rc7 Be6 39. a4 Bb3 40.
Nd6 Kf6 41. Rc6 Bxa4 42. Nb5+ Ke7 43. Nxd4 exd4 44. Rc4 b5 45. Rxd4 Bb3 46. f4
Ke6 47. Kf2 Bc4 48. g4 h5 49. h3 hxg4 50. hxg4 Ke7 51. Ke3 Be6 52. Kf3 Bd7 53.
g5 Bc6+ 54. Ke3 Ke6 55. Rd8 Bd5 56. Kd4 Bc4 57. Ke4 Bf1 58. Re8+ Kd6 59. Kd4
Bc4 60. Re1 Be6 61. Ra1 b4 62. Ra6+ Ke7 63. Ke5 Kd7 64. f5 Bxf5 65. Rb6 Be6 66.
Rb7+ Ke8 67. Rxb4 Kf8 68. Kf6 Kg8 69. Rb8+ Kh7 70. Rf8 Ba2 71. Rxf7+ Bxf7 72.
Kxf7 Kh8 73. Kxg6 1-0

[Event "C.to Italiano Semifinale"]
[Site "Saint Vincent - Chatillon ITA"]
[Date "2008.07.25"]
[Round "7"]
[White "Dvirnyy, Danyyil"]
[Black "Bentivegna, Francesco"]
[Result "1/2-1/2"]
[WhiteElo "2358"]
[BlackElo "2329"]
[PlyCount "93"]
[EventDate "2008.07.19"]

1. g3 e5 2. c4 Nf6 3. Bg2 c6 4. Nc3 d5 5. cxd5 cxd5 6. d3 d4 7. Nb1 Nc6 8. Nf3
Be7 9. O-O O-O 10. a3 a5 11. Bg5 Be6 12. Bxf6 Bxf6 13. Nbd2 Rc8 14. Qa4 Bd5 15.
Rfc1 Re8 16. Rc2 Qb6 17. Rac1 Rcd8 18. Rc5 e4 19. dxe4 Bxe4 20. Rb5 Qa7 21.
Nxe4 Rxe4 22. Qb3 a4 23. Qd3 Rde8 24. Rc2 g6 25. Ne1 Re3 26. fxe3 Rxe3 27. Rxb7
Qxb7 28. Bxc6 Qa7 29. Rc4 Rxd3 30. Nxd3 Qe7 31. Bf3 h5 32. Rxa4 h4 33. Ra8+ Kg7
34. Kg2 Qd7 35. Ra5 g5 36. g4 Qc7 37. Rc5 Qb8 38. a4 Qh8 39. a5 h3+ 40. Kg1 Qb8
41. a6 Qa7 42. Rc6 Be5 43. b4 Bf4 44. b5 Be3+ 45. Kh1 Qe7 46. Rc5 Qe6 47. Rd5
1/2-1/2

[Event "C.to Italiano Semifinale"]
[Site "Saint Vincent - Chatillon ITA"]
[Date "2008.07.25"]
[Round "7"]
[White "Ferri, Stefano"]
[Black "Borgiani, Flavio"]
[Result "1/2-1/2"]
[WhiteElo "2146"]
[BlackElo "2215"]
[PlyCount "73"]
[EventDate "2008.07.19"]

1. d4 d6 2. c4 Nf6 3. Nc3 Bf5 4. Nf3 h6 5. g3 c6 6. Bg2 Nbd7 7. O-O e5 8. Nh4
Bh7 9. e4 Be7 10. Re1 O-O 11. Be3 exd4 12. Bxd4 Re8 13. f4 Nc5 14. Nf5 Bf8 15.
b4 Ne6 16. Bf2 d5 17. cxd5 cxd5 18. Nxd5 Nxd5 19. exd5 Bxf5 20. dxe6 Bxe6 21.
Qxd8 Raxd8 22. Bxb7 Bxb4 23. Red1 a5 24. Rxd8 Rxd8 25. a4 g5 26. fxg5 hxg5 27.
Be3 f6 28. Kf2 Rb8 29. Bc6 Bc3 30. Rc1 Rb2+ 31. Kf3 g4+ 32. Ke4 Be5 33. Rc5
Rb4+ 34. Kd3 Rb3+ 35. Ke4 Bc7 36. Bd5 Bxd5+ 37. Kxd5 1/2-1/2

[Event "C.to Italiano Semifinale"]
[Site "Saint Vincent - Chatillon ITA"]
[Date "2008.07.25"]
[Round "7"]
[White "Foglia, Maurizio"]
[Black "Puzzoni, Christian"]
[Result "1-0"]
[WhiteElo "2135"]
[BlackElo "2128"]
[PlyCount "111"]
[EventDate "2008.07.19"]

1. Nf3 Nf6 2. d4 d6 3. Bf4 g6 4. e3 Bg7 5. h3 O-O 6. Be2 c5 7. c3 Nbd7 8. O-O
b5 9. Bxb5 Rb8 10. Qe2 Qb6 11. Na3 Bb7 12. Rab1 Qc7 13. Bh2 Ne4 14. Bd3 Ndf6
15. Nc4 Ba8 16. Rfc1 Qb7 17. Ne1 Ng5 18. f3 Nh5 19. dxc5 dxc5 20. h4 Ne6 21.
Bxb8 Qxb8 22. Nd2 Be5 23. Nf1 f5 24. Bc4 Qc8 25. f4 Bf6 26. Nf3 Kh8 27. Rd1 Nc7
28. Rd2 e6 29. Rbd1 Bg7 30. Ng5 h6 31. Rd8 Qb7 32. Rxf8+ Bxf8 33. Nxe6 Nxe6 34.
Bxe6 Qe7 35. Bd5 Nxf4 36. Qc4 Nxd5 37. Rxd5 Bxd5 38. Qxd5 Kh7 39. h5 Bg7 40.
hxg6+ Kxg6 41. Qf3 Be5 42. Ng3 Qg5 43. Qc6+ Bf6 44. Qe8+ Kg7 45. Nh5+ Kh7 46.
Qf7+ Bg7 47. Qxg7+ Qxg7 48. Nxg7 Kxg7 49. b4 Kf6 50. Kf2 Ke5 51. Kf3 cxb4 52.
cxb4 a6 53. a3 h5 54. g3 Kd5 55. Kf4 Ke6 56. a4 1-0

[Event "C.to Italiano Semifinale"]
[Site "Saint Vincent - Chatillon ITA"]
[Date "2008.07.25"]
[Round "7"]
[White "Frugoli, Francesco"]
[Black "Barletta, Mauro"]
[Result "1/2-1/2"]
[WhiteElo "2163"]
[BlackElo "2205"]
[PlyCount "116"]
[EventDate "2008.07.19"]

1. d4 d5 2. Nf3 e6 3. Bg5 Be7 4. Bxe7 Qxe7 5. Nbd2 Nf6 6. e3 Nbd7 7. c4 O-O 8.
cxd5 exd5 9. Bd3 Re8 10. O-O Ne4 11. Qc2 c6 12. b4 a6 13. a4 Ndf6 14. Ne5 Qxb4
15. Nxe4 dxe4 16. Bc4 Nd5 17. f3 Be6 18. Bxd5 cxd5 19. Rfb1 Qe7 20. fxe4 Rac8
21. Qd3 Qh4 22. Rxb7 dxe4 23. Qe2 Qg5 24. Rab1 f6 25. Nd7 Rc3 26. Nc5 Bc4 27.
Qd2 Qxe3+ 28. Qxe3 Rxe3 29. Ra7 Bd5 30. Nxa6 Rb3 31. Rxb3 Bxb3 32. Kf2 e3+ 33.
Ke1 Bc4 34. Nc5 Rd8 35. Rd7 Ra8 36. Re7 Rd8 37. Rxe3 Rxd4 38. g3 Kf7 39. Re4
Rxe4+ 40. Nxe4 Ke6 41. Kd2 Kd5 42. Ke3 Ba6 43. h4 Bc8 44. Kf4 f5 45. Ng5 h6 46.
Nf3 g6 47. a5 Ke6 48. Ke3 Kd5 49. h5 gxh5 50. Kf4 Ke6 51. Nd4+ Kf6 52. Nc6 Bb7
53. Nb4 Kg6 54. a6 Bxa6 55. Nxa6 h4 56. gxh4 Kh5 57. Kg3 f4+ 58. Kxf4 Kxh4
1/2-1/2

[Event "C.to Italiano Semifinale"]
[Site "Saint Vincent - Chatillon ITA"]
[Date "2008.07.25"]
[Round "7"]
[White "Gallucci, Alessio"]
[Black "Gioseffi, Massimiliano"]
[Result "1-0"]
[WhiteElo "2152"]
[BlackElo "2049"]
[PlyCount "97"]
[EventDate "2008.07.19"]

1. e4 c5 2. Nf3 d6 3. d4 cxd4 4. Nxd4 Nf6 5. Nc3 e6 6. Be3 Be7 7. f3 Nc6 8. Qd2
O-O 9. O-O-O d5 10. Qe1 a6 11. g4 Bb4 12. g5 Nd7 13. a3 Bxc3 14. Qxc3 Ne7 15.
Ne2 b5 16. Bd4 Bb7 17. f4 Rc8 18. Qh3 Qc7 19. Rd2 dxe4 20. Rg1 Nf5 21. Bc3 e3
22. Rd3 Nc5 23. Ng3 Qxf4 24. Nh5 Qf2 25. Rg4 e2 26. Bxe2 Qxe2 27. Nf6+ gxf6 28.
gxf6+ Qxg4 29. Qxg4+ Kh8 30. Rd1 Rg8 31. Qh5 Rg6 32. Kb1 Bc6 33. b3 Ne4 34. Bb2
Nc5 35. Re1 Nd7 36. h4 Nb6 37. Qd1 Nd5 38. h5 Rg2 39. Rxe6 Nde3 40. Qd3 Rg1+
41. Ka2 Rg3 42. Re5 Rg2 43. Rxf5 Nxf5 44. Qxf5 Bb7 45. Qd7 Rcxc2 46. Qe8+ Rg8
47. Qxf7 Rgg2 48. Qe8+ Rg8 49. f7+ 1-0

[Event "C.to Italiano Semifinale"]
[Site "Saint Vincent - Chatillon ITA"]
[Date "2008.07.25"]
[Round "7"]
[White "Lombardi, Mariano"]
[Black "Ubezio, Marco"]
[Result "1-0"]
[WhiteElo "1928"]
[BlackElo "2181"]
[PlyCount "93"]
[EventDate "2008.07.19"]

1. e4 Nf6 2. e5 Nd5 3. d4 d6 4. c4 Nb6 5. exd6 exd6 6. Nc3 Bf5 7. Nf3 Be7 8.
Be3 O-O 9. h4 Re8 10. Bd3 Bxd3 11. Qxd3 N8d7 12. O-O-O Nf6 13. Ng5 c6 14. g4 d5
15. c5 Nc4 16. Rh3 Qa5 17. Kb1 Qb4 18. Bc1 Na3+ 19. Ka1 Nb5 20. Nxb5 Qxb5 21.
Qc2 Bf8 22. Be3 Qc4 23. Qf5 Qe2 24. Rg1 Re7 25. h5 h6 26. Nf3 Re4 27. a3 Rxg4
28. Rxg4 Nxg4 29. Qxg4 Qf1+ 30. Ka2 Qc4+ 31. Kb1 Qd3+ 32. Kc1 Qc4+ 33. Kd2 Qb3
34. Ke1 Qxb2 35. Kf1 Qxa3 36. Bxh6 Qd3+ 37. Kg2 Qe4 38. Qg3 Kh8 39. Rh4 Qh7 40.
Be3 f6 41. Qc7 Re8 42. Qxb7 Re4 43. Qf7 Qg8 44. Qxg8+ Kxg8 45. Rxe4 dxe4 46.
Nd2 f5 47. Nc4 1-0

[Event "C.to Italiano Semifinale"]
[Site "Saint Vincent - Chatillon ITA"]
[Date "2008.07.25"]
[Round "7"]
[White "Mogranzini, Roberto"]
[Black "Rettore, Ludwig"]
[Result "1-0"]
[WhiteElo "2423"]
[BlackElo "2230"]
[PlyCount "109"]
[EventDate "2008.07.19"]

1. e4 e5 2. Nf3 Nf6 3. Nxe5 d6 4. Nf3 Nxe4 5. d4 d5 6. Bd3 Bd6 7. c4 c6 8. O-O
O-O 9. Re1 Re8 10. Nc3 Nxc3 11. bxc3 Rxe1+ 12. Qxe1 Nd7 13. c5 Be7 14. Bf4 Nf8
15. h3 Ng6 16. Bg3 b6 17. Bxg6 hxg6 18. Ne5 Bd7 19. Rb1 Bc8 20. Nd3 Bd7 21. Ne5
Be8 22. Qe3 bxc5 23. Rb7 cxd4 24. cxd4 Bf6 25. Nd3 c5 26. Nxc5 Bc6 27. Rc7 Qe8
28. Nd3 Bd8 29. Qxe8+ Bxe8 30. Rc5 Bd7 31. Bc7 Bf6 32. Be5 Bd8 33. Nf4 Be6 34.
Nxe6 fxe6 35. Rc6 Kf7 36. f4 Bf6 37. Rc7+ Kf8 38. Bd6+ Ke8 39. Bc5 a6 40. Rb7
Rc8 41. Rb6 Kf7 42. Rxa6 e5 43. fxe5 Bxe5 44. Kf2 Bf6 45. a3 Rd8 46. Rb6 Rd7
47. a4 Be7 48. Bxe7 Rxe7 49. a5 Re4 50. Rb4 Rf4+ 51. Ke3 Re4+ 52. Kd3 Re7 53.
a6 Kf6 54. Ra4 Ra7 55. Kc3 1-0

[Event "C.to Italiano Semifinale"]
[Site "Saint Vincent - Chatillon ITA"]
[Date "2008.07.25"]
[Round "7"]
[White "Piscopo, Pierluigi"]
[Black "Genocchio, Daniele"]
[Result "0-1"]
[WhiteElo "2389"]
[BlackElo "2420"]
[PlyCount "74"]
[EventDate "2008.07.19"]

1. e4 c5 2. Nf3 Nf6 3. e5 Nd5 4. b3 Nc6 5. Bb2 d6 6. Bb5 Qb6 7. Na3 Nc7 8. Be2
d5 9. O-O Bg4 10. Re1 e6 11. c3 Be7 12. Nc2 f5 13. exf6 gxf6 14. d4 O-O-O 15.
Bc1 Bxf3 16. Bxf3 e5 17. Bb2 Kb8 18. Qd2 h5 19. g3 cxd4 20. cxd4 e4 21. Bg2 Ne6
22. h4 f5 23. Bh3 Rdf8 24. Red1 Rhg8 25. Kh1 Bxh4 26. Ne3 Qd8 27. Nxf5 Bg5 28.
Qe2 Bf6 29. Qe3 h4 30. gxh4 Bxh4 31. Rg1 Bg5 32. Qg3+ Bf4 33. Qh4 Rh8 34. Qxd8+
Ncxd8 35. Kg2 Rfg8+ 36. Ng3 Bxg3 37. Bxe6 Rh2+ 0-1

[Event "C.to Italiano Semifinale"]
[Site "Saint Vincent - Chatillon ITA"]
[Date "2008.07.25"]
[Round "7"]
[White "Ricci, Alfredo"]
[Black "Landi, Andrea"]
[Result "1/2-1/2"]
[WhiteElo "2069"]
[BlackElo "1837"]
[PlyCount "135"]
[EventDate "2008.07.19"]

1. e4 c5 2. Nf3 d6 3. d4 cxd4 4. c3 dxc3 5. Nxc3 g6 6. Bc4 h6 7. O-O Bg7 8. Bf4
Nf6 9. Qd2 Nh5 10. Be3 Nc6 11. Rac1 Bg4 12. Be2 Bxf3 13. Bxf3 Nf6 14. Nd5 O-O
15. Nxf6+ Bxf6 16. Bxh6 Re8 17. b4 Rc8 18. Be3 a6 19. Bg4 e6 20. Rfd1 Ne5 21.
Be2 Rxc1 22. Rxc1 d5 23. f4 Nc6 24. e5 Be7 25. a3 Qd7 26. Bc5 Rc8 27. g3 Kg7
28. Kg2 Bxc5 29. Rxc5 Ne7 30. Qc2 Rxc5 31. Qxc5 b5 32. Kf2 Kf8 33. g4 Qc6 34.
Qxc6 Nxc6 35. Ke3 Ke7 36. g5 Kd7 37. h4 Nd8 38. h5 gxh5 39. Bxh5 Kc6 40. Bf3
Kb6 41. f5 Nc6 42. g6 fxg6 43. fxg6 Ne7 44. g7 Nf5+ 45. Kf4 Nxg7 46. Kg5 Ne8
47. Bh5 Nc7 48. Kf4 a5 49. Bf7 axb4 50. axb4 Kc6 51. Kg5 Kd7 52. Kf6 d4 53. Bg6
Nd5+ 54. Kf7 Nf4 55. Be4 d3 56. Bf3 d2 57. Bg4 Kd8 58. Kf6 Kd7 59. Kf7 Kc6 60.
Bf3+ Kb6 61. Ke7 Nd5+ 62. Kxe6 Nxb4 63. Kd6 Na6 64. e6 Nc7 65. e7 b4 66. Bd1
Ne8+ 67. Kd7 Nc7 68. Kd6 1/2-1/2

[Event "C.to Italiano Semifinale"]
[Site "Saint Vincent - Chatillon ITA"]
[Date "2008.07.25"]
[Round "7"]
[White "Ricci, Marco"]
[Black "Sbarra, Marco"]
[Result "1-0"]
[WhiteElo "2139"]
[BlackElo "2236"]
[PlyCount "83"]
[EventDate "2008.07.19"]

1. e4 e5 2. Nf3 Nc6 3. Bb5 a6 4. Bxc6 dxc6 5. O-O Be7 6. Nxe5 Qd4 7. Nf3 Qxe4
8. Re1 Qg6 9. Ne5 Qf5 10. d4 h5 11. Nd2 Be6 12. c3 Nf6 13. Ndf3 Ng4 14. Qe2 O-O
15. h3 Nxe5 16. Qxe5 Bd6 17. Qxf5 Bxf5 18. Ne5 Rfe8 19. Bd2 c5 20. Nc4 Be7 21.
Re5 Be6 22. d5 Bd7 23. Rae1 Bf6 24. Rxe8+ Rxe8 25. Rxe8+ Bxe8 26. Bf4 Bd8 27.
Na5 g5 28. Bh2 c6 29. Nxb7 Bb6 30. Nd6 Bd7 31. Nc4 Bd8 32. Ne5 Bf5 33. dxc6 Be4
34. f3 Bd5 35. c4 Be6 36. b3 Ba5 37. Nd3 Bc3 38. Bd6 Bd4+ 39. Kf1 g4 40. hxg4
hxg4 41. Bxc5 Ba1 42. Nf4 1-0

[Event "C.to Italiano Semifinale"]
[Site "Saint Vincent - Chatillon ITA"]
[Date "2008.07.25"]
[Round "7"]
[White "Rombaldoni, Axel"]
[Black "Sarno, Spartaco"]
[Result "1-0"]
[WhiteElo "2374"]
[BlackElo "2329"]
[PlyCount "77"]
[EventDate "2008.07.19"]

1. e4 d6 2. d4 Nf6 3. Nc3 g6 4. Bg5 Bg7 5. Qd2 O-O 6. O-O-O c6 7. Kb1 b5 8. f3
Nbd7 9. e5 b4 10. exf6 exf6 11. Bf4 bxc3 12. Qxc3 Qc7 13. Qa3 c5 14. dxc5 Nxc5
15. Ne2 Rd8 16. Nd4 Qb6 17. h4 f5 18. Bg5 Re8 19. c3 Rb8 20. Nb5 Bd7 21. Rxd6
Re1+ 22. Kc2 Qb7 23. Qxc5 Bxb5 24. Bxb5 Rxh1 25. Rd7 Qb6 26. Qd5 Qe6 27. Bc4
Qxd5 28. Bxd5 Rf8 29. Be7 Rc8 30. Rxa7 f4 31. a4 Rh2 32. a5 Rxg2+ 33. Kb3 Rd2
34. Rd7 Rb8+ 35. Bb4 Kh8 36. a6 h5 37. a7 Ra8 38. Bxa8 Rxd7 39. Bb7 1-0

[Event "C.to Italiano Semifinale"]
[Site "Saint Vincent - Chatillon ITA"]
[Date "2008.07.25"]
[Round "7"]
[White "Rombaldoni, Denis"]
[Black "Borgo, Giulio"]
[Result "1-0"]
[WhiteElo "2418"]
[BlackElo "2442"]
[PlyCount "71"]
[EventDate "2008.07.19"]

1. d4 d5 2. c4 e6 3. Nf3 Nf6 4. Nc3 Be7 5. Bg5 Nbd7 6. e3 a6 7. cxd5 Nxd5 8.
Bxe7 Qxe7 9. Bd3 N5f6 10. O-O c5 11. Rc1 b6 12. Na4 c4 13. Be2 b5 14. Nc3 O-O
15. e4 Bb7 16. Nd2 Rfd8 17. Bf3 e5 18. d5 Nc5 19. Qe2 Ne8 20. Nd1 Rac8 21. b3
cxb3 22. axb3 Rc7 23. Ne3 Bc8 24. Rc2 Bd7 25. Rfc1 Rdc8 26. Bg4 Bxg4 27. Qxg4
Nd6 28. b4 Ncb7 29. Qxc8+ Rxc8 30. Rxc8+ Nxc8 31. Rxc8+ Nd8 32. Nf5 Qd7 33. Nb3
Kf8 34. Ra8 Ke8 35. Nc5 Qc7 36. Nxg7+ 1-0

[Event "C.to Italiano Semifinale"]
[Site "Saint Vincent - Chatillon ITA"]
[Date "2008.07.25"]
[Round "7"]
[White "Rorato, Giovanni Riccardo"]
[Black "Locci, Damiano"]
[Result "1/2-1/2"]
[WhiteElo "2065"]
[BlackElo "2094"]
[PlyCount "120"]
[EventDate "2008.07.19"]

1. d4 d5 2. Nf3 c6 3. c4 dxc4 4. g3 Nf6 5. Bg2 Be6 6. O-O Bd5 7. Nc3 e6 8. Bg5
Bxf3 9. Bxf3 Nbd7 10. e4 Be7 11. e5 Nd5 12. Bxe7 Qxe7 13. Ne4 O-O 14. Nd6 b5
15. a4 a6 16. Bxd5 cxd5 17. f4 f5 18. g4 Nb6 19. gxf5 Nc8 20. Nxc8 Raxc8 21.
axb5 axb5 22. fxe6 Qxe6 23. Qf3 Rf5 24. Ra5 Rcf8 25. Rxb5 Rd8 26. Ra5 h6 27. h4
Kh7 28. Kh2 Rdf8 29. Qxd5 Qg6 30. Qg2 Rxf4 31. Qxg6+ Kxg6 32. Rxf4 Rxf4 33. d5
Rxh4+ 34. Kg3 Rd4 35. e6 Kf6 36. Rc5 g5 37. Kf3 Rd2 38. Ke4 Re2+ 39. Kd4 Rxb2
40. Rc7 Rd2+ 41. Kc5 c3 42. Kd6 Re2 43. Rxc3 g4 44. Kd7 h5 45. Rc8 g3 46. Rg8
h4 47. Kd8 g2 48. e7 Rxe7 49. Rxg2 Rg7 50. Re2 Rg8+ 51. Kc7 Rg7+ 52. Kc6 h3 53.
Rh2 Rg3 54. d6 Rc3+ 55. Kd7 Kg5 56. Rd2 Ra3 57. Kc7 Rc3+ 58. Kb8 Rb3+ 59. Kc7
Rc3+ 60. Kd8 Ra3 1/2-1/2

[Event "C.to Italiano Semifinale"]
[Site "Saint Vincent - Chatillon ITA"]
[Date "2008.07.25"]
[Round "7"]
[White "Roversi, Stefano"]
[Black "Lamagna, Mario"]
[Result "1/2-1/2"]
[WhiteElo "1840"]
[BlackElo "1888"]
[PlyCount "134"]
[EventDate "2008.07.19"]

1. e4 e6 2. d4 d5 3. Nc3 Nf6 4. Bg5 Be7 5. e5 Nfd7 6. Bxe7 Qxe7 7. Nf3 O-O 8.
Bd3 c5 9. Nb5 a6 10. Nd6 cxd4 11. O-O Nxe5 12. Nxe5 Qxd6 13. Qh5 f5 14. f4 Nd7
15. Rae1 Nf6 16. Qh4 Qd8 17. Nf3 Qb6 18. Ng5 h6 19. Nf3 Bd7 20. b3 Rac8 21. Qf2
Ne4 22. Qxd4 Qxd4+ 23. Nxd4 Rc3 24. Rf3 Rfc8 25. Ree3 Kf7 26. Ne2 R3c7 27. h3
Kf6 28. g4 g6 29. c4 Nd2 30. Rg3 dxc4 31. bxc4 Nxc4 32. Bxc4 Rxc4 33. Rd3 Bb5
34. g5+ hxg5 35. fxg5+ Ke7 36. Rd2 Rc2 37. Rxc2 Rxc2 38. Nf4 Kf7 39. Re3 Bc4
40. a3 b5 41. h4 Rb2 42. h5 gxh5 43. g6+ Kf6 44. Rg3 Rb3 45. Nxh5+ Ke7 46. Rg5
Rxa3 47. g7 e5 48. Rxf5 Re3 49. Rf8 Rh3 50. Rf5 Re3 51. Rf8 a5 52. Ra8 Rh3 53.
Ra7+ Kd6 54. Nf6 Rg3+ 55. Kf2 Ra3 56. Ne4+ Kc6 57. Ra8 Kc7 58. Re8 b4 59. Rxe5
Kd7 60. Nf6+ Kd6 61. Rg5 Bf7 62. g8=Q Bxg8 63. Rxg8 b3 64. Ne4+ Ke5 65. Nc3 a4
66. Rb8 Ra1 67. Nxa4 Rxa4 1/2-1/2

[Event "C.to Italiano Semifinale"]
[Site "Saint Vincent - Chatillon ITA"]
[Date "2008.07.25"]
[Round "7"]
[White "Tocco, Paolo"]
[Black "Valsecchi, Alessio"]
[Result "0-1"]
[WhiteElo "2174"]
[BlackElo "2298"]
[PlyCount "39"]
[EventDate "2008.07.19"]

1. d4 c5 2. d5 g6 3. d6 exd6 4. Nc3 Nc6 5. e4 Nd4 6. Nd5 Bg7 7. c3 Ne6 8. Nf3
b6 9. Bc4 Bb7 10. O-O Ne7 11. Re1 O-O 12. Be3 Nc6 13. Nd2 Na5 14. f4 f5 15. Qc2
fxe4 16. Qxe4 Kh8 17. Qd3 Nxc4 18. Nxc4 Rf5 19. Ndxb6 axb6 20. Nxd6 0-1

[Event "C.to Italiano Semifinale"]
[Site "Saint Vincent - Chatillon ITA"]
[Date "2008.07.25"]
[Round "7"]
[White "Valenti, Giuseppe"]
[Black "Pepino, Enrico"]
[Result "0-1"]
[WhiteElo "2203"]
[BlackElo "2119"]
[PlyCount "70"]
[EventDate "2008.07.19"]

1. e4 d6 2. d4 Nf6 3. Nc3 g6 4. Bg5 c6 5. f3 Qa5 6. Qd2 Nbd7 7. Nge2 Bg7 8. h4
h5 9. Nc1 b5 10. Nb3 Qc7 11. a3 a6 12. a4 b4 13. Nd1 a5 14. Ne3 Bb7 15. Nc4 O-O
16. Bd3 Rfe8 17. Bh6 d5 18. Bxg7 Kxg7 19. Ne3 dxe4 20. fxe4 Qg3+ 21. Ke2 Ng4
22. Raf1 Nxe3 23. Qxe3 Qxe3+ 24. Kxe3 e5 25. Nc5 Bc8 26. Bc4 exd4+ 27. Kxd4 Ne5
28. Bb3 Bg4 29. Ke3 Rad8 30. Nb7 Ra8 31. Nd6 Re7 32. Kd4 Rd8 33. Kc5 f6 34. Rf2
Nd7+ 35. Kxc6 Nb8+ 0-1

[Event "C.to Italiano Semifinale"]
[Site "Saint Vincent - Chatillon ITA"]
[Date "2008.07.25"]
[Round "7"]
[White "Vezzosi, Paolo"]
[Black "Brancaleoni, Maurizio"]
[Result "0-1"]
[WhiteElo "2352"]
[BlackElo "2251"]
[PlyCount "92"]
[EventDate "2008.07.19"]

1. d4 Nf6 2. c4 g6 3. Nc3 d5 4. Nf3 Bg7 5. Qb3 dxc4 6. Qxc4 O-O 7. e4 Na6 8.
Be2 c5 9. d5 e6 10. O-O exd5 11. exd5 Re8 12. Bg5 h6 13. Bh4 Qb6 14. Rfd1 Qb4
15. a3 Qxc4 16. Bxc4 Bd7 17. d6 g5 18. Bg3 Nh5 19. Bd5 Rab8 20. Rd2 Kf8 21. Rc1
b5 22. Ne2 c4 23. b4 Rb6 24. Nfd4 Nxg3 25. Nxg3 Bxd4 26. Rxd4 Rxd6 27. Rdd1 Be6
28. Bb7 Rxd1+ 29. Rxd1 Nc7 30. Bc6 Rb8 31. Ne4 Ke7 32. Nc3 Rb6 33. Be4 Rd6 34.
Rxd6 Kxd6 35. Kf1 a6 36. Ke2 Bd5 37. Ke3 Ke5 38. f3 Bxe4 39. fxe4 Ne6 40. a4
bxa4 41. Nxa4 Nd4 42. Nc5 Nc2+ 43. Kd2 Nxb4 44. Kc3 Nd3 45. Nxa6 Kxe4 46. Nc7
Nf4 0-1

[Event "C.to Italiano Semifinale"]
[Site "Saint Vincent - Chatillon ITA"]
[Date "2008.07.26"]
[Round "8"]
[White "Borgiani, Flavio"]
[Black "Frugoli, Francesco"]
[Result "1/2-1/2"]
[WhiteElo "2215"]
[BlackElo "2163"]
[PlyCount "110"]
[EventDate "2008.07.19"]

1. Nf3 d5 2. b3 Nf6 3. Bb2 Bg4 4. Ne5 Bh5 5. g3 e6 6. Bg2 Nbd7 7. Nxd7 Qxd7 8.
c4 Be7 9. cxd5 exd5 10. Nc3 O-O 11. d4 Rfe8 12. a3 c6 13. O-O Bd6 14. Qd2 Bg4
15. f3 Bh3 16. e4 Bxg2 17. Qxg2 dxe4 18. fxe4 Bc7 19. d5 Be5 20. Rae1 Rad8 21.
Rf5 cxd5 22. Rxe5 Rxe5 23. Nxd5 Qxd5 24. exd5 Rxe1+ 25. Kf2 Rde8 26. Qf3 R1e2+
27. Qxe2 Rxe2+ 28. Kxe2 Nxd5 29. Kd3 Ne7 30. Kc4 Kf8 31. Kc5 Nc8 32. a4 f6 33.
g4 Ke7 34. Kd5 Kd7 35. g5 Ne7+ 36. Ke4 Ke6 37. Bd4 Nc6 38. gxf6 gxf6 39. Bf2 a6
40. h3 h6 41. Be3 f5+ 42. Kd3 h5 43. Kc4 Ne5+ 44. Kd4 Nd7 45. Bc1 Nf6 46. Kc5
Nd5 47. Kd4 b6 48. Bd2 Ne7 49. Bf4 Nc6+ 50. Kc4 Ne5+ 51. Kd4 Nf3+ 52. Ke3 Ne5
53. Kd4 Nc6+ 54. Kc4 Na5+ 55. Kc3 Nc6 1/2-1/2

[Event "C.to Italiano Semifinale"]
[Site "Saint Vincent - Chatillon ITA"]
[Date "2008.07.26"]
[Round "8"]
[White "Borgo, Giulio"]
[Black "Lombardi, Mariano"]
[Result "1-0"]
[WhiteElo "2442"]
[BlackElo "1928"]
[PlyCount "77"]
[EventDate "2008.07.19"]

1. e4 c5 2. Nf3 d6 3. d4 cxd4 4. Nxd4 Nf6 5. f3 Nc6 6. c4 g6 7. Be3 Bg7 8. Qd2
O-O 9. Nc3 Be6 10. Rc1 a6 11. b3 Qa5 12. Be2 Rfc8 13. Nxe6 fxe6 14. f4 Rf8 15.
O-O Rad8 16. Qe1 Kh8 17. Kh1 e5 18. f5 gxf5 19. Rxf5 e6 20. Rf3 Nd4 21. Rh3 Qc7
22. Qh4 Nxe2 23. Nxe2 Rd7 24. Ng1 Qd8 25. Nf3 Qe8 26. c5 Rc7 27. Rf1 Qg6 28.
cxd6 Rc2 29. Rg3 Qxe4 30. Qg5 Nh5 31. Rh3 Nf4 32. Bxf4 exf4 33. Re1 Re2 34. Rg1
Qd5 35. Qe7 Re3 36. d7 Rd3 37. Qh4 h6 38. Qg4 Qxd7 39. Ne5 1-0

[Event "C.to Italiano Semifinale"]
[Site "Saint Vincent - Chatillon ITA"]
[Date "2008.07.26"]
[Round "8"]
[White "Brancaleoni, Maurizio"]
[Black "Rombaldoni, Denis"]
[Result "1/2-1/2"]
[WhiteElo "2251"]
[BlackElo "2418"]
[PlyCount "65"]
[EventDate "2008.07.19"]

1. d4 Nf6 2. Nf3 e6 3. c4 b6 4. g3 Ba6 5. Qa4 Be7 6. Bg2 c6 7. Nc3 O-O 8. O-O
d5 9. cxd5 exd5 10. Bf4 b5 11. Qc2 b4 12. Na4 Nbd7 13. Ne5 Bb5 14. Nxc6 Rc8 15.
Nxe7+ Qxe7 16. Nc5 Nxc5 17. dxc5 Rxc5 18. Qd2 Rfc8 19. Qxb4 a5 20. Qd2 Ne4 21.
Qd4 Bxe2 22. Rfe1 Rc2 23. Rac1 Qb4 24. Qxb4 axb4 25. Rxc2 Rxc2 26. Rc1 Rxc1+
27. Bxc1 Bc4 28. Bxe4 dxe4 29. a4 bxa3 30. bxa3 f5 31. a4 Kf7 32. Kg2 Be2 33.
h4 1/2-1/2

[Event "C.to Italiano Semifinale"]
[Site "Saint Vincent - Chatillon ITA"]
[Date "2008.07.26"]
[Round "8"]
[White "Caprio, Guido"]
[Black "Bonafede, Alessandro"]
[Result "1/2-1/2"]
[WhiteElo "2188"]
[BlackElo "2329"]
[PlyCount "68"]
[EventDate "2008.07.19"]

1. e4 c5 2. a3 g6 3. d4 cxd4 4. c3 d3 5. Bxd3 Bg7 6. Nf3 d6 7. h3 Nc6 8. O-O
Nf6 9. Bg5 O-O 10. Re1 Nd7 11. Nbd2 a6 12. Nc4 Nc5 13. Bc2 b5 14. Ne3 Bb7 15.
Nd5 Re8 16. Qd2 Na5 17. Rad1 Nc4 18. Qc1 Ne6 19. Bh4 Rc8 20. Nd2 a5 21. Nxc4
bxc4 22. e5 Bxd5 23. Rxd5 Rc5 24. Qd1 Rxd5 25. Qxd5 Bxe5 26. Ba4 Rf8 27. Qxc4
Qb8 28. Bd7 Qxb2 29. Bxe7 Qd2 30. Rxe5 dxe5 31. Bxe6 Rb8 32. Bxf7+ Kg7 33. Bd5
Rb1+ 34. Kh2 Qxf2 1/2-1/2

[Event "C.to Italiano Semifinale"]
[Site "Saint Vincent - Chatillon ITA"]
[Date "2008.07.26"]
[Round "8"]
[White "Cocchi, Andrea"]
[Black "Foglia, Maurizio"]
[Result "1/2-1/2"]
[WhiteElo "2323"]
[BlackElo "2135"]
[PlyCount "60"]
[EventDate "2008.07.19"]

1. Nf3 d5 2. d4 c6 3. Bf4 Bf5 4. e3 e6 5. Be2 h6 6. O-O Nf6 7. c4 Nbd7 8. h3
Be7 9. Qb3 Qb6 10. c5 Qxb3 11. axb3 a6 12. b4 Rc8 13. Nbd2 O-O 14. Nb3 Bd8 15.
Na5 Bxa5 16. bxa5 Ra8 17. Ra4 Rfc8 18. Rb4 Ra7 19. g4 Bg6 20. Ne5 Nxe5 21. Bxe5
Ne8 22. f3 Nc7 23. Bxc7 Rxc7 24. Re1 Ra8 25. Bf1 Rd8 26. Kf2 Kf8 27. Rc1 f6 28.
Rc3 Rdd7 29. Bg2 e5 30. Rcb3 Bc2 1/2-1/2